| 000 | 00617nam a2200217Ia 4500 | ||
|---|---|---|---|
| 003 | GCL | ||
| 008 | 140319s9999 xx 000 0 eng d | ||
| 040 |
_aGCL / _cGCL |
||
| 082 | 0 | 4 |
_a371.20082 _bH W |
| 100 | 1 | _aHILL, MARIE | |
| 245 | 1 | 0 |
_aWOMEN AS EDUCATIONAL LEADERS: OPENING WINDONS LUSHING CEILINGS / _cHILL, MARIE |
| 700 | 1 | _aRAGLAND, JOYCE | |
| 260 |
_a[S.N] : _bCORWIN PRESS, INC. ، _c1995 |
||
| 300 | _a128 P | ||
| 650 | 0 | 4 | _aWOMEN - SCHOOL |
| 650 | 0 | 4 | _aINTERVIEWS |
| 650 | 0 | 4 | _aWOMEN EDUCATORS |
| 650 | 0 | 4 | _aEDUCATIONAL LEADERSHIP |
| 650 | 0 | 4 | _aUNITED STATES - FOREIGN RELATIONS |
| 942 |
_2ddc _cBK |
||
| 999 |
_c12616 _d12616 |
||